Beyoncé - Albums par photos - Statistiques

Statistiques générales
  • Ce quiz a été pris 87 fois
  • Le résultat moyen est 7 sur 8
Statistiques - réponses
Par images Réponse % Correct
Beyoncé
96%
Cowboy Carter
96%
4
95%
Lemonade
95%
Renaissance
95%
B'Day
93%
I Am... Sasha Fierce
92%
Dangerously in Love
86%
Aucun quiz correspondant
Distribution des résultats
% des personnes avec chaque résultat
Percentile par nombre de réponses
Votre historique - résultats
Vous n’avez pas pris ce quiz